000 00644nam a2200181 i 4500
001 73006
003 ES-MaACL
005 20250629063126.0
007 t|
008 040906s1914 cu ||||1| spa d
100 1 _aGómez de Avellaneda, Gertrudis,
_d1814-1873
_957886
245 1 0 _aObras de la Avellaneda
_b: edición nacional del centenario /
_cGertrudis Gómez de Avellaneda.
260 _aLa Habana :
_bAurelio Miranda,
_c1914.
300 _a4 v. ;
_c27 cm.
505 8 _aContiene: T.I: Poesías líricas. -- T.II, III: Obras dramáticas. -- T.IV: Novelas y leyendas
852 _aES-MaACL
_jC-1871-4
999 _c73006
_d73006